Flora de la cuenca de Santiago de Chile

Saved in:
Bibliografiske detaljer
Hovedforfatter: Navas Bustamante, Luisa Eugenia (autora)
Format: Bog
Sprog:spansk
Udgivet: Santiago Andrés Bello 1973
Fag:
Tags: Tilføj Tag
Ingen Tags, Vær først til at tagge denne postø!

MARC

LEADER 00000nam a2200000 a 4500
001 UCY5138
003 CL-VaPUC
005 20250225093418.0
008 950412e19730000CL |||||||||||||||||spa|d
999 |c 232854  |d 232852 
040 |c Pontificia Universidad Católica de Valparaíso 
082 0 4 |a 581.098 NAV 1973  |2 21 
100 |a Navas Bustamante, Luisa Eugenia  |e autora  |9 333765 
245 1 0 |a Flora de la cuenca de Santiago de Chile 
260 |a Santiago  |b Andrés Bello  |c 1973 
300 |a v 
505 |a v.1: Pteridophyta, gimnospermae, monocotyledoneae. v.2: Dicotylodonae, archichlamydeae. v.3: Metaclamídeas. 
583 |a last modification  |c 20171031 10:59:50  |k Rodrigo Vera 
650 0 |a Botánica  |9 264202 
650 0 |a Arbustos   |9 264190 
650 7 |a FLORES SILVESTRES  |2 CL-VaPUC  |9 269788 
650 0 |a Taxonomía vegetal  |9 333766 
942 |c BK  |2 ddc 
945 |d 19950412 00:00:00  |a mfernand 
952 |0 0  |1 1  |2 ddc  |4 0  |6 581_098000000000000_NAV_1973  |7 0  |8 A  |9 237786  |a BIBAGR  |b BIBAGR  |d 2019-11-18  |h v.1  |i 307790K  |o 581.098 NAV 1973  |p 307790K  |r 2019-11-18  |t 2  |w 2019-11-18  |y BK  |k AGR 
952 |0 0  |1 0  |2 ddc  |4 0  |6 581_098000000000000_NAV_1973  |7 0  |8 A  |9 237792  |a BIBAGR  |b BIBAGR  |d 2019-11-18  |h v.1  |i 3392279  |o 581.098 NAV 1973  |p 3392279  |r 2025-01-20  |t 3  |w 2019-11-18  |y BK  |k AGR 
952 |0 0  |1 0  |2 ddc  |4 0  |6 581_098000000000000_NAV_1973  |7 0  |8 A  |9 237794  |a BIBAGR  |b BIBAGR  |d 2019-11-18  |h v.3  |i 3392287  |o 581.098 NAV 1973  |p 3392287  |r 2025-01-20  |t 3  |w 2019-11-18  |y BK  |k AGR